مجھے افسوس ہے : (Record no. 108572)

MARC details
000 -LEADER
fixed length control field 00918nam a22002537a 4500
005 - DATE AND TIME OF LATEST TRANSACTION
control field 20170123162342.0
010 ## - LIBRARY OF CONGRESS CONTROL NUMBER
LC control number B-080766
020 ## - INTERNATIONAL STANDARD BOOK NUMBER
Terms of availability 95.00
International Standard Book Number 81876697907
035 ## - SYSTEM CONTROL NUMBER
System control number B-080766
037 ## - SOURCE OF ACQUISITION
Source of stock number/acquisition Cen Lib/Ret
040 ## - CATALOGING SOURCE
Original cataloging agency DPL
Language of cataloging UR
082 ## - DEWEY DECIMAL CLASSIFICATION NUMBER
Classification number 842
Item number م ہ ن
100 ## - MAIN ENTRY--PERSONAL NAME
Personal name موہنتی، اکشے کمار
9 (RLIN) 108766
245 ## - TITLE STATEMENT
Title مجھے افسوس ہے :
Statement of responsibility, etc اکشےکمار موہنتی
Remainder of title ڈرامہ /
246 ## - VARYING FORM OF TITLE
Title proper/short title Mujhe Afsos hai : drama /
Remainder of title by Akshay Kumar Mohanti
260 ## - PUBLICATION, DISTRIBUTION, ETC. (IMPRINT)
Place of publication, distribution, etc دہلی
Name of publisher, distributor, etc ایجوکیشنل پبلشنگ ہاؤس
Date of publication, distribution, etc 2003
270 ## - ADDRESS
Address ٣١٠٨، گلی عزیزددیں وکیل کوچہ پنڈت لال کوان
City دہلی
Postal code 110006
300 ## - PHYSICAL DESCRIPTION
Extent 123p.
Dimensions 21cm(Hb)
650 ## - SUBJECT ADDED ENTRY--TOPICAL TERM
Topical term or geographic name as entry element ادب - اردو
9 (RLIN) 127650
650 ## - SUBJECT ADDED ENTRY--TOPICAL TERM
Topical term or geographic name as entry element اردو ڈرامہ
9 (RLIN) 127651
650 ## - SUBJECT ADDED ENTRY--TOPICAL TERM
Topical term or geographic name as entry element Literature -- Urdu
9 (RLIN) 127652
650 ## - SUBJECT ADDED ENTRY--TOPICAL TERM
Topical term or geographic name as entry element Urdu Drama
9 (RLIN) 127653
942 ## - ADDED ENTRY ELEMENTS (KOHA)
Source of classification or shelving scheme Dewey Decimal Classification
Koha item type Urdu Bks
Classification part 842
Call number suffix م ہ ن
Holdings
Withdrawn status Lost status Damaged status Not for loan Home library Current library Date acquired Source of acquisition Cost, normal purchase price Total Checkouts Full call number Barcode Date last seen Copy number Cost, replacement price Price effective from Koha item type
        Central Library Central Library 23/01/2016 Cen Lib/Ret 95.00   842 م ہ ن B-080766 23/01/2016 1 95.00 23/01/2016 Urdu Bks

© Delhi Public Library
Hit Counter
free hit counter